|
|
|
|
| LEADER |
01498nam a2200277 a 4500 |
| 008 |
100209s1997 bg a b 000 0 eng d |
| 040 |
|
|
|a BD-DhAAL
|c BD-DhAAL
|
| 082 |
0 |
0 |
|a 304.6/0723
|2 21
|
| 245 |
0 |
0 |
|a Bangladesh demographic and health survey, 1996-97 :
|c S.N. Mintra...[et al.]
|
| 260 |
|
|
|a Dhaka :
|b National Institute of Population Research and Training, Ministry of Health and Family Welfare ;
|a Dhaka :
|b Mintra and Associates;
|a Calverton, Maryland, USA :
|b Macro International Inc.,
|c 1997.
|
| 300 |
|
|
|a xxii, 252 p. :
|b ill. ;
|c 28 cm.
|
| 504 |
|
|
|a Includes bibliographical references.
|
| 541 |
1 |
|
|e 00006246
|
| 650 |
|
0 |
|a Demographic surveys
|z Bangladesh.
|
| 650 |
|
0 |
|a Fertility, Human
|z Bangladesh.
|
| 650 |
|
0 |
|a Maternal health services
|z Bangladesh.
|
| 700 |
1 |
|
|a Mitra, S. N.
|
| 700 |
1 |
|
|a Al-Sabir, Ahmed.
|
| 700 |
1 |
|
|a Cross, Anne R.
|
| 700 |
2 |
|
|a Kanta Jamil.
|
| 710 |
2 |
|
|a National Institute of Population Research and Training (Bangladesh)
|
| 852 |
4 |
|
|a Ayesha Abed Library
|j General Shelf
|
| 999 |
|
|
|c 7419
|d 7419
|
| 952 |
|
|
|0 0
|1 0
|2 ddc
|4 0
|6 304_607230000000000_BAN_1997
|7 0
|9 7943
|a BRACUL
|b BRACUL
|c GEN
|d 2010-02-09
|l 0
|o 304.60723 BAN
|p 3010006246
|r 2010-02-09
|t 1
|w 2010-02-09
|y BK
|
| 952 |
|
|
|0 0
|1 0
|2 ddc
|4 0
|6 304_607230000000000_BAN_1997
|7 0
|9 7944
|a BRACUL
|b BRACUL
|c GEN
|d 2010-02-09
|l 0
|o 304.60723 BAN
|p 3010007312
|r 2010-02-09
|t 2
|w 2010-02-09
|y BK
|
| 952 |
|
|
|0 0
|1 0
|2 ddc
|4 0
|6 304_607230000000000_BAN_1997
|7 0
|9 7945
|a BRACUL
|b BRACUL
|c GEN
|d 2010-02-09
|l 0
|o 304.60723 BAN
|p 3010007103
|r 2010-02-09
|t 3
|w 2010-02-09
|y BK
|